000 00748nam a22002297a 4500
005 20170124105937.0
010 _aA-715625
020 _c00.00
_a8121506069
035 _aA-715625
037 _bCen Lib/Ret
040 _aDPL
_bEN
082 _a232
_bKEN
100 _aKennedy, Melville T.
_910301
245 _aThe chaitanya movement :
_cby Melville T. Kennedy
_ba study of vaishnavism in Bengal /
260 _aNew Delhi
_bMunshiram Manoharlal Publishers
_c1993
270 _aPost Box 5715, 54 Rani Jhansi Road
_bNew Delhi
_e110055
300 _aviii, 270p. :
_c18cm(Hb)
_bill.
500 _aIncludes index.
650 _aChaitanya, -- 1486-1534.
_910302
650 _aVaishnavism.
_982282
942 _2ddc
_cEN
_h232
_mKEM
999 _c124308
_d124308